[Event "Tilburg rapid20"]
[Site "Tilburg"]
[Date "1994.??.??"]
[Round "2"]
[White "Khalifman, Alexander"]
[Black "Svidler, Peter"]
[Result "1/2-1/2"]
[WhiteElo "2645"]
[BlackElo "2550"]

1.d4 d6 2.e4 Nf6 3.Nc3 g6 4.Nf3 Bg7 5.Be2 O-O 6.O-O Nc6 7.h3 a6 8.d5 Nb8
9.a4 e5 10.dxe6 Bxe6 11.Nd4 Bd7 12.Bg5 h6 13.Bh4 Nc6 14.Nxc6 Bxc6 15.Bd3 Re8
16.Re1 Qc8 17.Qd2 Nd7 18.Rad1 Nc5 19.a5 Qe6 20.f3 Qe5 21.Bc4 Ne6 22.Bd5 Bd7
23.Bf2 c6 24.Bxe6 Bxe6 25.Na4 Qb5 26.b3 Rad8 27.Bb6 Rd7 28.Nc3 Qb4 29.Na4 c5
30.Qxb4 cxb4 31.Bd4 Rc7 32.Bxg7 Kxg7 33.Re2 Rec8 34.Rdd2 Rc6 35.Nb6 R8c7
36.Nd5 Bxd5 37.Rxd5 Rxc2 38.Rxc2 Rxc2 39.Rd4  1/2-1/2

[Event "Tilburg rapid20"]
[Site "Tilburg"]
[Date "1994.??.??"]
[Round "2"]
[White "Svidler, Peter"]
[Black "Khalifman, Alexander"]
[Result "0-1"]
[WhiteElo "2550"]
[BlackElo "2645"]

1.e4 c6 2.d4 d5 3.Nd2 dxe4 4.Nxe4 Nd7 5.Bc4 Ngf6 6.Ng5 e6 7.Qe2 Nb6 8.Bd3 h6
9.N5f3 c5 10.dxc5 Bxc5 11.Bd2 O-O 12.O-O-O Na4 13.Bb5 Bd7 14.Bxd7 Qxd7 15.Bxh6 Qc7
16.Qb5 Nc3 17.bxc3 gxh6 18.Ne2 Ne4 19.Rd7 Qb6 20.Rxb7 Ba3+ 21.Kb1 Qxf2 22.Ka1 Nd6
23.Qh5 Nxb7 24.Qxh6 Qc5 25.g4 Nd6 26.Ng5 Rfb8 27.Qh7+ Kf8 28.Nxe6+ fxe6 29.Rf1+ Ke8
30.Qg8+ Kd7 31.Qg7+ Kc6 32.Nd4+ Qxd4  0-1

[Event "Tilburg rapid20"]
[Site "Tilburg"]
[Date "1994.??.??"]
[Round "5"]
[White "Khalifman, Alexander"]
[Black "Ivanchuk, Vassily"]
[Result "1-0"]
[WhiteElo "2645"]
[BlackElo "2695"]

1.Nf3 Nf6 2.c4 c5 3.Nc3 d5 4.cxd5 Nxd5 5.d4 Nxc3 6.bxc3 g6 7.e4 Bg7 8.Rb1 O-O
9.Be2 Nc6 10.d5 Ne5 11.Nxe5 Bxe5 12.Qd2 e6 13.f4 Bg7 14.c4 exd5 15.cxd5 Bd4
16.Bb2 Qb6 17.Bd3 c4 18.Bxc4 Re8 19.Qxd4 Qxd4 20.Bxd4 Rxe4+ 21.Kd2 Rxd4+
22.Kc3 Rxf4 23.d6 Kg7 24.Rhf1 Rxf1 25.Rxf1 Bf5 26.g4 Bxg4 27.Rxf7+ Kh6 28.Kd4 Rc8
29.Bd5 Kg5 30.Ke5 h5 31.d7 Rd8 32.Be6 Kh4 33.Bxg4 Kxg4 34.Kd6 Kh3 35.Kc7  1-0

[Event "Donner mem"]
[Site "Amsterdam"]
[Date "1995.??.??"]
[Round "2"]
[White "Khalifman, Alexander"]
[Black "Piket, Jeroen"]
[Result "1-0"]
[WhiteElo "2655"]
[BlackElo "2625"]

1.d4 d5 2.c4 c6 3.Nc3 Nf6 4.Nf3 e6 5.Bg5 dxc4 6.e4 b5 7.e5 h6 8.Bh4 g5 9.Nxg5 hxg5
10.Bxg5 Nbd7 11.g3 Qa5 12.exf6 b4 13.Ne4 c3 14.bxc3 bxc3 15.Qd3 Bb7 16.Be2 c5
17.O-O c4 18.Qe3 Nb6 19.Nc5 Bxc5 20.dxc5 Nd5 21.Qd4 Rc8 22.Rab1 Ba6 23.Rfc1 Qxc5
24.Qxc5 Rxc5 25.Rb8+ Bc8 26.Be3 Nxe3 27.fxe3 O-O 28.Rxc3 Ba6 29.Rxf8+ Kxf8
30.g4 Kg8 31.Kf2 Kh7 32.h4 Kg6 33.g5 Kf5 34.Kg3 Bb5 35.Bd3+ Ke5 36.Bc2 Kd6
37.Kg4 Rd5 38.h5 Rd3 39.Rxd3+ cxd3 40.Bd1  1-0

[Event "Donner mem"]
[Site "Amsterdam"]
[Date "1995.??.??"]
[Round "4"]
[White "Khalifman, Alexander"]
[Black "Huzman, Alexander"]
[Result "1/2-1/2"]
[WhiteElo "2655"]
[BlackElo "2580"]

1.d4 d5 2.c4 c6 3.Nf3 Nf6 4.Nc3 e6 5.Bg5 h6 6.Bxf6 Qxf6 7.e3 Nd7 8.Bd3 dxc4
9.Bxc4 g6 10.O-O Bg7 11.Rc1 Qe7 12.e4 O-O 13.Re1 Rd8 14.e5 b5 15.Bd3 Bb7
16.Ne4 c5 17.Nxc5  1/2-1/2

[Event "Donner mem"]
[Site "Amsterdam"]
[Date "1995.??.??"]
[Round "10"]
[White "Van Wely, Loek"]
[Black "Khalifman, Alexander"]
[Result "1/2-1/2"]
[WhiteElo "2585"]
[BlackElo "2655"]

1.d4 Nf6 2.c4 c5 3.d5 b5 4.cxb5 a6 5.bxa6 g6 6.Nc3 Bxa6 7.e4 Bxf1 8.Kxf1 d6
9.Nf3 Nbd7 10.g3 Bg7 11.Kg2 O-O 12.Re1 Qa5 13.h3 Rfb8 14.e5 dxe5 15.Nxe5 Nxe5
16.Rxe5 Ra7 17.Re2 Rd7 18.Bf4 Rbd8 19.Qe1 Qa8 20.Rxe7 Nxd5 21.Nxd5 Qxd5+
22.Kg1 Bxb2 23.Re8+ Kg7 24.Be5+ Bxe5 25.Qxe5+ Qxe5  1/2-1/2

[Event "Donner mem"]
[Site "Amsterdam"]
[Date "1995.??.??"]
[Round "11"]
[White "Khalifman, Alexander"]
[Black "Salov, Valery"]
[Result "1/2-1/2"]
[WhiteElo "2655"]
[BlackElo "2685"]

1.d4 Nf6 2.c4 e6 3.Nf3 b6 4.a3 Ba6 5.Qc2 Bb7 6.Nc3 c5 7.e4 cxd4 8.Nxd4 Bc5
9.Nb3 Nc6 10.Nxc5 bxc5 11.Bd3 d6 12.O-O O-O 13.h3 e5 14.Qd1 h6 15.Rb1 a5
16.f4 exf4 17.Bxf4 Ne5 18.Re1 Re8 19.Bf1 a4 20.Qd2 Re6 21.Rbd1 Nfd7 22.Nb5 Ra6
23.Qc3 f6 24.Re2 Nf7 25.h4 Nde5 26.Qh3 Re8 27.Ree1 Bc8 28.Qc3 Be6 29.Rd2 Qe7
30.Bg3 Rb8 31.Red1 Rd8 32.Qc2 Rb8 33.Qc3 Rbb6 34.Qc2 Qf8 35.Nc7 Bg4 36.Re1 Ra7
37.Nb5 Ra8 38.Nc7 Ra5 39.Nb5 Qb8 40.Qc3 Raa6 41.Qc2 Be6 42.Red1 Kf8 43.Bf4 Ke7
44.Qc3 Kf8 45.Qc2 Qd8 46.Qc3 Qd7 47.Bg3 Ke7 48.Bf4 Kf8 49.Bg3 Qe7 50.Qc2 Kg8
51.Qc3 Bg4 52.Re1 Qb7 53.Qc2 Kf8 54.Bf4 Be6 55.Red1 Ke7 56.Bg3 Bg4 57.Re1 Kf8
58.Bf4 Kg8 59.Bg3 Kh7 60.Bf4 Qd7 61.Bg3 Rb8 62.Qc3 Be6 63.Red1 Bg4 64.Re1 Rg8
65.Rf2 Qe7 66.Qc2 Nd8 67.Qc3 Ne6 68.Qd2 Bh5 69.Kh1 Rd8 70.Kg1 Qf7 71.Rc1 Qg6
72.Rc3 Bg4 73.Qd5 Rb6 74.Re3 Qe8 75.Qd2  1/2-1/2

[Event "RUS-ch"]
[Site "Elista"]
[Date "1995.??.??"]
[Round "5"]
[White "Khalifman, Alexander"]
[Black "Ruban, Vadim"]
[Result "1-0"]
[WhiteElo "2655"]
[BlackElo "2535"]

1.d4 Nf6 2.c4 e6 3.Nf3 d5 4.Nc3 c5 5.cxd5 Nxd5 6.e4 Nxc3 7.bxc3 cxd4 8.cxd4 Bb4+
9.Bd2 Bxd2+ 10.Qxd2 O-O 11.Bc4 Nc6 12.O-O b6 13.Rad1 Bb7 14.Rfe1 Rc8 15.d5 exd5
16.exd5 Na5 17.Bf1 Qd6 18.Ng5 Rcd8 19.Qd3 Qh6 20.Qf5 Bc8 21.Qf4 Nb7 22.Re7 f6
23.Ne6 Qxf4 24.Nxf4 Rf7 25.Re3 Rc7 26.h4 Kf7 27.h5 g5 28.hxg6+ hxg6 29.Rde1 Rh8
30.d6 Nxd6 31.Nd5 Rd7 32.Re7+ Kf8 33.Rxd7 Bxd7 34.Nxf6 Bf5 35.g4 Kf7 36.gxf5 Kxf6  1-0

[Event "RUS-ch"]
[Site "Elista"]
[Date "1995.??.??"]
[Round "6"]
[White "Glek, Igor V"]
[Black "Khalifman, Alexander"]
[Result "1/2-1/2"]
[WhiteElo "2580"]
[BlackElo "2655"]

1.e4 c5 2.Nf3 d6 3.d4 Nf6 4.Nc3 cxd4 5.Nxd4 Nc6 6.Be2 g6 7.Be3 Bg7 8.Qd2 O-O
9.O-O-O Nxd4 10.Bxd4 Be6 11.Kb1 Qa5 12.a3 Rfc8 13.Bxf6 Bxf6 14.Nd5 Qxd2 15.Nxf6+ Kg7
16.Nh5+ gxh5 17.Rxd2 h4 18.g3 Kf6 19.Rd3 Bc4 20.Rf3+ Kg7 21.Bxc4 Rxc4 22.gxh4 Rac8
23.Rg1+ Kf8 24.Rfg3 Ke8 25.Rg8+ Kd7 26.Rxc8 Kxc8 27.f3 f5 28.exf5 Rf4 29.Rg8+  1/2-1/2

[Event "RUS-ch"]
[Site "Elista"]
[Date "1995.??.??"]
[Round "8"]
[White "Krasenkow, Michal"]
[Black "Khalifman, Alexander"]
[Result "1/2-1/2"]
[WhiteElo "2590"]
[BlackElo "2655"]

1.Nf3 Nf6 2.c4 c5 3.Nc3 Nc6 4.e4 d6 5.d4 cxd4 6.Nxd4 g6 7.Be2 Nxd4 8.Qxd4 Bg7
9.O-O O-O 10.Qe3 Be6 11.Rb1 Qb6 12.Qd3 Rfc8 13.b3 Nd7 14.Nd5 Bxd5 15.exd5 Qd4
16.Qh3 Nc5 17.Be3 Qf6 18.f4 Qc3 19.Rfc1 Qf6 20.Bg4 Rc7 21.f5 g5 22.Rf1 e6
23.Rbd1 Nd7 24.Bd4  1/2-1/2

[Event "RUS-ch"]
[Site "Elista"]
[Date "1995.??.??"]
[Round "9"]
[White "Khalifman, Alexander"]
[Black "Fominyh, Alexander"]
[Result "1-0"]
[WhiteElo "2655"]
[BlackElo "2515"]

1.d4 Nf6 2.Nf3 c5 3.d5 b5 4.Bg5 Bb7 5.Bxf6 exf6 6.e4 c4 7.Be2 Bc5 8.O-O a6
9.a4 Qb6 10.c3 O-O 11.Nd4 Re8 12.Bf3 d6 13.axb5 axb5 14.Rxa8 Bxa8 15.b4 cxb3
16.Qxb3 Bxd4 17.cxd4 Na6 18.Na3 Rb8 19.Rd1 g6 20.Nc2 Bb7 21.Be2 Bc8 22.h3 Bd7
23.Ra1 Ra8 24.Qb2 Nc7 25.Rxa8+ Nxa8 26.Qa1 Nc7 27.Nb4 h5 28.Bd3 Kf8 29.Kf1 Bc8
30.Ke2 Bb7 31.f3 Kg7 32.g4 h4 33.Ke3 Na6 34.Nxa6 Bxa6 35.Qc3 Bb7 36.Qb4 Ba6
37.f4 g5 38.f5 Kf8 39.Qc3 Bb7 40.Qb4 Ba6 41.Kd2 Ke8 42.Kc2 Kd7 43.Kb2 Kc8
44.e5 fxe5 45.dxe5 Kd8 46.e6 f6 47.Qc3 Ke7 48.Qc6 Qb7 49.Kb3 Qc8 50.Kb4 Bb7
51.Qxc8 Bxc8 52.Kxb5 Bb7 53.Bc4  1-0

[Event "RUS-ch"]
[Site "Elista"]
[Date "1995.??.??"]
[Round "10"]
[White "Bareev, Evgeny"]
[Black "Khalifman, Alexander"]
[Result "1/2-1/2"]
[WhiteElo "2650"]
[BlackElo "2655"]

1.d4 Nf6 2.Nf3 e6 3.c4 d5 4.g3 Be7 5.Bg2 O-O 6.O-O dxc4 7.Qc2 a6 8.Qxc4 b5
9.Qc2 Bb7 10.Bd2 Be4 11.Qc1 Bb7 12.Qc2  1/2-1/2

[Event "Bundesliga 9495"]
[Site "Germany"]
[Date "1995.??.??"]
[Round "?"]
[White "Khalifman, Alexander"]
[Black "Wahls, Matthias"]
[Result "1-0"]
[WhiteElo "2635"]
[BlackElo "2555"]

1.d4 Nf6 2.c4 e6 3.Nc3 Bb4 4.e3 b6 5.Ne2 Ba6 6.Ng3 O-O 7.e4 Nc6 8.Bg5 h6
9.h4 d6 10.Rc1 hxg5 11.hxg5 g6 12.gxf6 Qxf6 13.a3 Bxc3+ 14.Rxc3 Qxd4 15.Qc1 Rfd8
16.Be2 Qe5 17.Qh6 Qg7 18.Qf4 Kf8 19.c5 Bxe2 20.cxb6 Bb5 21.bxc7 Rd7 22.a4 Bxa4
23.e5 Bb5 24.exd6 g5 25.Qe3 a6 26.Ne4 Qe5 27.Nc5 Qxd6 28.Rh8+ Ke7 29.Qxg5+  1-0

[Event "Moscow PCA-Intel qual"]
[Site "Moscow"]
[Date "1995.??.??"]
[Round "6"]
[White "Khalifman, Alexander"]
[Black "Svidler, Peter"]
[Result "1/2-1/2"]
[WhiteElo "2635"]
[BlackElo "2585"]

1.d4 g6 2.e4 Nf6 3.Nc3 Bg7 4.f4 d6 5.Nf3 O-O 6.Be3 a6 7.e5 Ng4 8.Bg1 b5 9.Qe2 c5
10.O-O-O cxd4 11.Nxd4 dxe5 12.Nb3 Qe8 13.h3 Nh6 14.fxe5 Nc6 15.g4 Be6 16.Bh2 Qb8
17.Bg2 Rc8 18.Rhe1 Kh8 19.Kb1 Ng8 20.h4 Bc4 21.Qe3 h6 22.h5 g5 23.Nd5 Bxd5
24.Rxd5 Ra7 25.Rc5 Nb4 26.a3 Nxc2 27.Rxc2 Rxc2 28.Kxc2 Qc8+ 29.Kb1 Qxg4 30.Qxa7 Qxg2
31.Qg1 Qf3 32.Nd4 Qxh5 33.Qg2 e6 34.Bg3 Qg4 35.Qf3 Qxd4 36.Rd1 g4 37.Rxd4 gxf3
38.Rd3 f2 39.Rf3 Ne7 40.Rxf7 Nf5 41.Bxf2 Bxe5 42.Ra7 h5 43.Rxa6 Bd6 44.Rb6 Kg7
45.Rxb5 h4 46.Rb3 Bg3 47.Rf3 Kf6 48.a4 Ke5 49.a5 Ke4 50.Bxg3 Kxf3 51.Bxh4 Nd6
52.a6 Nb5 53.Kc2 Ke4 54.Kb3 Kd5 55.Kb4 Kc6 56.Bf2 e5 57.Ka4 e4 58.b4 Nc7
59.Bd4 Nb5 60.Be3 Nc7  1/2-1/2

[Event "Moscow PCA-Intel qual"]
[Site "Moscow"]
[Date "1995.??.??"]
[Round "8"]
[White "Khalifman, Alexander"]
[Black "Rashkovsky, Nukhim N"]
[Result "1-0"]
[WhiteElo "2635"]
[BlackElo "2550"]

1.Nf3 d6 2.d4 Bg4 3.c4 Bxf3 4.exf3 c6 5.Nc3 g6 6.Be2 Bg7 7.O-O Nh6 8.d5 Nf5
9.Bd3 Nd4 10.Re1 Nd7 11.Bg5 Ne5 12.f4 h6 13.Bh4 g5 14.fxe5 gxh4 15.exd6 Qxd6
16.Qg4 Kf8 17.Qxh4 Qf6 18.Qh3 Rd8 19.Rad1 h5 20.Ne4 Qf4 21.Nc5 Qc7 22.Bf5 cxd5
23.Nd7+ Rxd7 24.Bxd7 e6 25.Bxe6 fxe6 26.cxd5 e5 27.Rxd4  1-0

[Event "Novosibirsk"]
[Site "Novosibirsk"]
[Date "1995.??.??"]
[Round "1"]
[White "Rublevsky, Sergei"]
[Black "Khalifman, Alexander"]
[Result "1/2-1/2"]
[WhiteElo "2595"]
[BlackElo "2655"]

1.e4 c5 2.Nf3 Nc6 3.d4 cxd4 4.Nxd4 g6 5.c4 Nf6 6.Nc3 d6 7.Be2 Nxd4 8.Qxd4 Bg7
9.Bg5 O-O 10.Qd2 Be6 11.Rc1 Qa5 12.f3 Rfc8 13.b3 a6 14.Nd5 Qxd2+ 15.Kxd2 Nxd5
16.cxd5 Bd7 17.Rxc8+ Rxc8 18.Rc1  1/2-1/2

[Event "Novosibirsk"]
[Site "Novosibirsk"]
[Date "1995.??.??"]
[Round "2"]
[White "Khalifman, Alexander"]
[Black "Ruban, Vadim"]
[Result "1/2-1/2"]
[WhiteElo "2655"]
[BlackElo "2535"]

1.d4 d5 2.c4 e6 3.Nc3 Nf6 4.cxd5 exd5 5.Bg5 Be7 6.e3 O-O 7.Bd3 c6 8.Qc2 Nbd7
9.Nf3 Re8 10.O-O Nf8 11.Ne5 Ng4 12.Bxe7 Qxe7 13.Nxg4 Bxg4 14.Bf5 Bxf5 15.Qxf5 a5
16.Rac1  1/2-1/2

[Event "Novosibirsk"]
[Site "Novosibirsk"]
[Date "1995.??.??"]
[Round "6"]
[White "Makarov, Marat"]
[Black "Khalifman, Alexander"]
[Result "1/2-1/2"]
[WhiteElo "2520"]
[BlackElo "2655"]

1.Nf3 Nf6 2.c4 e6 3.d4 b6 4.g3 Bb7 5.Bg2 Be7 6.O-O O-O 7.Nc3 Ne4 8.Nxe4 Bxe4
9.Ne1 Bxg2 10.Nxg2 d5 11.Qa4 dxc4 12.Qxc4 c5 13.dxc5 Bxc5 14.Be3  1/2-1/2

[Event "Novosibirsk"]
[Site "Novosibirsk"]
[Date "1995.??.??"]
[Round "8"]
[White "Beliavsky, Alexander G"]
[Black "Khalifman, Alexander"]
[Result "1/2-1/2"]
[WhiteElo "2650"]
[BlackElo "2655"]

1.d4 Nf6 2.c4 c5 3.d5 b5 4.cxb5 a6 5.bxa6 g6 6.Nc3 Bxa6 7.e4 Bxf1 8.Kxf1 d6
9.Nf3 Nbd7 10.g3 Bg7 11.Kg2 O-O 12.Re1 Ra6 13.h3 Qa8 14.Bg5 h6 15.Bd2 e6
16.dxe6 fxe6 17.a4 d5 18.exd5 exd5 19.Nb5 Qb7 20.Bf4 g5 21.Bd6 Rf7 22.Nd2 d4+
23.Qf3 Qxf3+ 24.Nxf3 Nd5 25.Nd2 d3 26.Ra3 Bxb2 27.Rxd3 N5b6 28.Bc7 Rxa4 29.Bxb6 Nxb6
30.Re6 Rd7 31.Rdd6 Bg7 32.Ne4 Rxd6 33.Nbxd6 c4 34.Nf5 Nd5 35.Re8+ Kh7 36.Rd8 Nf6
37.Nc3 Ra3 38.Nb5 Rd3 39.Rc8 Rd5 40.Nbd6 Ne4 41.Nxe4 Rxf5 42.Rxc4 Re5 43.g4 Re6
44.h4 gxh4 45.Kh3 Be5 46.Kxh4 Kg6 47.f3 Rb6 48.Rc5 Bf4 49.Rf5 Bc7 50.Rc5 Bf4
51.Rf5 Bc7 52.Nf2 Bd8+ 53.Kg3 Bc7+ 54.Kh4 Bd8+ 55.Kh3 Rb3 56.Kg2 Rb2 57.Kf1 Rb1+  1/2-1/2

[Event "Novosibirsk"]
[Site "Novosibirsk"]
[Date "1995.??.??"]
[Round "9"]
[White "Khalifman, Alexander"]
[Black "Ehlvest, Jaan"]
[Result "1/2-1/2"]
[WhiteElo "2655"]
[BlackElo "2630"]

1.d4 Nf6 2.c4 e6 3.Nc3 Bb4 4.Qc2 O-O 5.a3 Bxc3+ 6.Qxc3 b6 7.Bg5 Bb7 8.e3 Re8
9.Nf3 d6 10.Bd3 Nbd7  1/2-1/2

[Event "Novosibirsk"]
[Site "Novosibirsk"]
[Date "1995.??.??"]
[Round "10"]
[White "Svidler, Peter"]
[Black "Khalifman, Alexander"]
[Result "1/2-1/2"]
[WhiteElo "2635"]
[BlackElo "2655"]

1.e4 c6 2.d4 d5 3.Nd2 dxe4 4.Nxe4 Bf5 5.Ng3 Bg6 6.Nf3 Nd7 7.h4 h6 8.h5 Bh7
9.Bd3 Bxd3 10.Qxd3 Qc7 11.Bd2 e6 12.Ne4 Ngf6 13.O-O-O Nxe4 14.Qxe4 Nf6 15.Qe2 O-O-O
16.Kb1  1/2-1/2

[Event "Botvinnik mem"]
[Site "St Petersburg"]
[Date "1995.??.??"]
[Round "?"]
[White "Khalifman, Alexander"]
[Black "Epishin, Vladimir"]
[Result "1/2-1/2"]
[WhiteElo "2655"]
[BlackElo "2640"]

1.d4 Nf6 2.Nf3 e6 3.c4 b6 4.g3 Ba6 5.b3 Bb4+ 6.Bd2 Be7 7.Bg2 c6 8.Bc3 d5
9.Ne5 Nfd7 10.Nxd7 Nxd7 11.Nd2 O-O 12.O-O Rc8 13.e4 c5 14.exd5 exd5 15.dxc5 dxc4
16.c6 cxb3 17.Re1 Bb5 18.axb3 Bxc6 19.Bxc6 Rxc6 20.Rxa7 Bf6 21.Nc4 Nc5 22.Qxd8 Rxd8
23.Bxf6 gxf6 24.Ree7 Nxb3 25.Ne3 Rf8 26.Nf5 h5 27.Re3 Rc1+ 28.Kg2 Nc5  1/2-1/2

[Event "Botvinnik mem"]
[Site "St Petersburg"]
[Date "1995.??.??"]
[Round "?"]
[White "Epishin, Vladimir"]
[Black "Khalifman, Alexander"]
[Result "1/2-1/2"]
[WhiteElo "2640"]
[BlackElo "2655"]

1.d4 Nf6 2.Nf3 g6 3.c4 c5 4.g3 Bg7 5.Bg2 Qa5+ 6.Nc3 Ne4 7.Bd2 Nxd2 8.Qxd2 d6
9.e3 Bg4 10.Ng1 Nc6 11.h3 Bf5 12.Nge2 O-O 13.Rd1 cxd4 14.exd4 e5 15.Nb5 Qxd2+
16.Rxd2 Rad8 17.g4 Bc8 18.dxe5 dxe5 19.Nd6 Bh6 20.Rd1 Nd4 21.c5 Nc2+ 22.Kf1 f5
23.Bd5+ Kg7 24.Bb3 Nb4 25.gxf5 Bxf5 26.Ng3 Bd3+ 27.Kg2 Ba6 28.Nge4 Be2 29.Rhe1 Bf3+
30.Kf1 Bxd1 31.Rxd1 Be3 32.Ke2 Bd4 33.Nxb7 Rb8 34.Nbd6 Bxb2 35.Ng5 Kh6 36.Ngf7+ Kg7
37.Ng5 Kh6 38.Ngf7+ Kg7 39.Ng5  1/2-1/2

[Event "St Petersburg op"]
[Site "St Petersburg"]
[Date "1995.??.??"]
[Round "1"]
[White "Khalifman, Alexander"]
[Black "Vulfson, Vladimir"]
[Result "1-0"]
[WhiteElo "2635"]
[BlackElo "2435"]

1.d4 d5 2.c4 dxc4 3.e4 c5 4.d5 e6 5.Nc3 exd5 6.Nxd5 Nf6 7.Bxc4 Nxd5 8.Bxd5 Be7
9.Ne2 O-O 10.O-O Nd7 11.Nc3 Nb6 12.Bf4 Bf6 13.e5 Be7 14.Be4 Qxd1 15.Rfxd1 g5
16.Be3 Rb8 17.b3 Be6 18.Nb5 Nd7 19.f4 gxf4 20.Bxf4 c4 21.bxc4 Nb6 22.Nd6 Nxc4
23.Nxb7 f6 24.exf6 Bxf6 25.Bxb8 Bxa1 26.Bxa7 Bc3 27.Nd8 Bg4 28.Bd5+ Kh8 29.Nf7+ Kg7
30.Rc1 Ne5 31.Rxc3 Nxf7 32.Rg3  1-0

[Event "St Petersburg op"]
[Site "St Petersburg"]
[Date "1995.??.??"]
[Round "5"]
[White "Khalifman, Alexander"]
[Black "Loginov, Valery A"]
[Result "1-0"]
[WhiteElo "2635"]
[BlackElo "2550"]

1.e4 c5 2.Nf3 d6 3.d4 cxd4 4.Nxd4 Nf6 5.Nc3 a6 6.Be2 e5 7.Nb3 Be7 8.O-O O-O
9.Kh1 b5 10.a4 Bb7 11.Nd5 Nbd7 12.Nxe7+ Qxe7 13.f3 bxa4 14.Na5 Nc5 15.Nxb7 Nxb7
16.Rxa4 Nc5 17.Ra1 Rfb8 18.b3 a5 19.Be3 Qc7 20.Qd2 h6 21.Ra2 a4 22.Rfa1 Rd8
23.b4 Ncd7 24.Rxa4 Rxa4 25.Rxa4 Nb6 26.Ra6 Rb8 27.Bf1 Nfd7 28.Qd3 Rc8 29.Bg1 Kf8
30.Qb3 Ke7 31.Qa2 Rb8 32.Ra7 Rb7 33.Rxb7 Qxb7 34.c4 Nc8 35.Qa5 Qc6 36.c5 dxc5
37.bxc5 Qb7 38.Qa2 Na7 39.Qd5 Nc6 40.Bc4 f6 41.Qe6+  1-0

[Event "EUCup Gr5"]
[Site "Vilnius"]
[Date "1995.??.??"]
[Round "3"]
[White "Svidler, Peter"]
[Black "Khalifman, Alexander"]
[Result "1/2-1/2"]
[WhiteElo "2635"]
[BlackElo "2655"]

1.e4 Nf6 2.e5 Nd5 3.d4 d6 4.Nf3 g6 5.Bc4 Nb6 6.Bb3 Bg7 7.a4 dxe5 8.a5 N6d7
9.Bxf7+ Kxf7 10.Ng5+ Kg8 11.Ne6 Qe8 12.Nxc7 Qd8 13.Ne6 Qe8 14.Nc7  1/2-1/2

[Event "Hoogovens op"]
[Site "Wijk aan Zee"]
[Date "1995.??.??"]
[Round "8"]
[White "Sokolov, Ivan"]
[Black "Khalifman, Alexander"]
[Result "1/2-1/2"]
[WhiteElo "2645"]
[BlackElo "2635"]

1.d4 Nf6 2.c4 c5 3.d5 b5 4.Nf3 g6 5.cxb5 a6 6.Qc2 Bg7 7.Qxc5 O-O 8.Nc3 d6
9.Qc4 axb5 10.Nxb5 Nbd7 11.e3 Bb7 12.Qc2 Nxd5 13.Bd2 Qb6 14.Be2 Rfc8 15.Qb1 Nc5
16.O-O Ba6 17.a4 Nxa4 18.Qd3 Nc7 19.Rxa4 Bxb5 20.Rxa8 Rxa8 21.Qb3 Qa6 22.Bxb5 Qxb5
23.Qc2  1/2-1/2

[Event "Hoogovens op"]
[Site "Wijk aan Zee"]
[Date "1995.??.??"]
[Round "10"]
[White "Short, Nigel D"]
[Black "Khalifman, Alexander"]
[Result "1/2-1/2"]
[WhiteElo "2655"]
[BlackElo "2635"]

1.e4 c5 2.Nf3 Nc6 3.d4 cxd4 4.Nxd4 g6 5.Nc3 Bg7 6.Be3 Nf6 7.Bc4 O-O 8.Bb3 d6
9.h3 Nxd4 10.Bxd4 b5 11.a3 a5 12.O-O Bb7 13.f3 Bc6 14.Re1 Rb8 15.Nd5 Bxd5
16.Bxd5 Nxd5 17.exd5 Bxd4+ 18.Qxd4 Re8 19.c3 Qb6 20.Rad1 Kf8 21.Kf2 Rec8
22.Re4 b4 23.axb4 axb4 24.Qxb6 Rxb6 25.c4 Ra6 26.Ke2 Ra2 27.Rb1 Rc7 28.Kd3 Ra5
29.g4 g5 30.Rf1 h6 31.f4 Kg7 32.fxg5 hxg5 33.Rd4 Rca7 34.Kc2 Rb7 35.Kb3 Ra8
36.Rd3 Kg6 37.Rdf3 f6 38.Re3 Kg7 39.Rc1 Kf7 40.Rce1 Ra5 41.h4 gxh4 42.Rh3 Ra8
43.Rxh4 Kg6 44.Rg1 Rf8 45.Rgh1 Rbb8 46.Ra1 Rb7 47.Rg1 Rbb8 48.Rgh1 Rb7 49.Kc2 Rg8
50.Rh7 b3+ 51.Kd3 Rc7 52.Rh8 Rxh8 53.Rxh8 Kg5 54.Rg8+ Kf4 55.Kc3 Rb7 56.Rg7 Rb6
57.Rxe7 Kxg4 58.Rc7 Rb8 59.Rc6 Rd8 60.Kxb3 f5 61.c5 dxc5 62.Kc4 Rb8 63.Rg6+ Kf3
64.b3 Rb4+ 65.Kxc5 Rxb3 66.d6 Rd3 67.Kc6 f4 68.d7 Rxd7 69.Kxd7 Ke3 70.Re6+ Kd3
71.Rf6 Ke3 72.Ke6 f3 73.Kf5 f2 74.Kg4 Ke2 75.Rxf2+ Kxf2  1/2-1/2

[Event "Hoogovens op"]
[Site "Wijk aan Zee"]
[Date "1995.??.??"]
[Round "12"]
[White "Adams, Michael"]
[Black "Khalifman, Alexander"]
[Result "1/2-1/2"]
[WhiteElo "2655"]
[BlackElo "2635"]

1.e4 c5 2.c3 Nf6 3.e5 Nd5 4.Nf3 Nc6 5.Bc4 Nb6 6.Be2 d6 7.exd6 e5 8.d4 cxd4
9.cxd4 e4 10.Ng5 Bxd6 11.Nxe4 Bb4+ 12.Nbc3 Qxd4 13.O-O  1/2-1/2

[Event "Yalta rapid"]
[Site "Yalta"]
[Date "1995.??.??"]
[Round "2"]
[White "Kortschnoj, Viktor"]
[Black "Khalifman, Alexander"]
[Result "1/2-1/2"]
[WhiteElo "2635"]
[BlackElo "2635"]

1.d4 Nf6 2.c4 c5 3.d5 b5 4.Nd2 bxc4 5.e4 c3 6.bxc3 g6 7.c4 d6 8.Bd3 Bg7 9.Rb1 O-O
10.Ngf3 e5 11.Nb3 Nh5 12.O-O Nf4 13.Bxf4 exf4 14.Qd2 g5 15.g3 Bg4 16.Kg2 Nd7
17.gxf4 Bxf3+ 18.Kxf3 Qf6 19.f5 Ne5+ 20.Kg2 g4 21.Be2 Bh6 22.Qc3 Bf4 23.h3 h5
24.hxg4 hxg4 25.Rh1 Kg7 26.Rbg1 Rh8 27.Nc1 Rxh1 28.Rxh1 Rh8 29.Rxh8 Kxh8
30.Nd3 Qh6 31.Nxf4 Qxf4 32.Qe3 Qxe3 33.fxe3 Kg7 34.Kg3 f6 35.Bxg4 Nxc4 36.Kf2 Ne5
37.Be2 Kf8 38.Ke1  1/2-1/2

[Event "Bad Woerishofen op"]
[Site "Bad Woerishofen"]
[Date "1996.??.??"]
[Round "4"]
[White "Khalifman, Alexander"]
[Black "Siegel, Georg"]
[Result "1-0"]
[WhiteElo "2650"]
[BlackElo "2455"]

1.e4 e5 2.Nf3 Nc6 3.Bb5 Nf6 4.O-O d6 5.Re1 Bd7 6.c3 Be7 7.d4 O-O 8.Ba4 Re8
9.a3 Bf8 10.Nbd2 g6 11.h3 Bg7 12.Bc2 b5 13.Nf1 a5 14.Bg5 h6 15.Bh4 a4 16.Qd2 g5
17.Bg3 Na5 18.Rad1 Nc4 19.Qc1 Nh5 20.Bd3 Nf4 21.Bb1 Qe7 22.N3d2 Be6 23.d5 Nxd2
24.Qxd2 Bd7 25.Ne3 h5 26.Rc1 Bh6 27.Qd1 Qf6 28.Nf5 Bxf5 29.exf5 g4 30.h4 Rab8
31.Be4 Kh8 32.Rc2 Red8 33.Rd2 Rbc8 34.Qc2 Kh7 35.Red1 Rb8 36.c4 Rdc8 37.cxb5 Rxb5
38.Qxa4 Rc5 39.Rc2 Rxc2 40.Qxc2 c6 41.dxc6 d5 42.Bxd5 Nxd5 43.Rxd5 Rxc6 44.Rc5 Rxc5
45.Qxc5 Bf4 46.b4  1-0

[Event "Bad Woerishofen op"]
[Site "Bad Woerishofen"]
[Date "1996.??.??"]
[Round "6"]
[White "Khalifman, Alexander"]
[Black "Romanishin, Oleg M"]
[Result "1-0"]
[WhiteElo "2650"]
[BlackElo "2590"]

1.d4 Nf6 2.c4 e6 3.Nf3 b6 4.Nc3 Bb7 5.a3 g6 6.d5 exd5 7.cxd5 Bg7 8.g3 O-O
9.Bg2 c6 10.d6 c5 11.O-O Ne4 12.Nd5 Nxd6 13.Bg5 f6 14.Bf4 Ne8 15.b4 cxb4
16.axb4 Nc6 17.b5 Na5 18.h4 Kh8 19.Qd3 Rc8 20.Rac1 Rc5 21.Rxc5 bxc5 22.Rd1 d6
23.h5 g5 24.Bd2 c4 25.Qf5 Nb3 26.Bc3 Bc8 27.Qe4 Nc5 28.Qxc4 h6 29.Nd4 Qd7
30.Nc6 Rf7 31.Ra1 Qg4 32.Qxg4 Bxg4 33.Bf3 Bxf3 34.exf3 f5 35.b6 axb6 36.Ra8 Rf8
37.Nce7 Bxc3 38.Ng6+ Kg7 39.Nxf8 Kxf8 40.Nxc3 Kf7 41.Ra7+ Ke6 42.Rh7 Nd7
43.Rxh6+ Nef6 44.Nb5 d5 45.Rg6  1-0

[Event "Bad Woerishofen op"]
[Site "Bad Woerishofen"]
[Date "1996.??.??"]
[Round "7"]
[White "Lagunow, Alexander"]
[Black "Khalifman, Alexander"]
[Result "0-1"]
[WhiteElo "2420"]
[BlackElo "2650"]

1.Nf3 Nf6 2.c4 g6 3.g3 Bg7 4.Bg2 O-O 5.O-O d6 6.d4 Nc6 7.Nc3 Rb8 8.h3 a6
9.Be3 b5 10.Nd2 Bd7 11.Rc1 e6 12.b3 Ne7 13.Nf3 Bc6 14.Bg5 b4 15.Nb1 Ba8 16.Nbd2 h6
17.Bxf6 Bxf6 18.e3 c5 19.Qc2 Qc7 20.Qd3 Bg7 21.Ne1 cxd4 22.exd4 d5 23.Nef3 dxc4
24.Rxc4 Qa5 25.Qc2 Rbc8 26.Rc1 Bd5 27.Rc5 Rxc5 28.Qxc5 Qxc5 29.Rxc5 Nf5 30.Ra5 Rc8
31.Nc4 Bxc4 32.bxc4 Rxc4 33.Rxa6 Rc1+ 34.Bf1 Nxd4 35.Nd2 Rc2 36.Nc4 Nf3+
37.Kg2 Ne1+  0-1

[Event "Bad Woerishofen op"]
[Site "Bad Woerishofen"]
[Date "1996.??.??"]
[Round "8"]
[White "Khalifman, Alexander"]
[Black "Katalymov, Boris N"]
[Result "1/2-1/2"]
[WhiteElo "2650"]
[BlackElo "2435"]

1.d4 c5 2.d5 e6 3.Nc3 exd5 4.Nxd5 Ne7 5.Bg5 h6 6.Bf6 Nbc6 7.e4 d6 8.Nf3 Be6
9.Nxe7 Nxe7 10.Bb5+ Bd7 11.Bxd7+ Qxd7 12.Bxe7 Bxe7 13.Qd5 O-O 14.O-O Qe6
15.Rad1 b5 16.Rfe1 Rfd8 17.Re3 a5 18.Red3 a4 19.g3 Rac8 20.Kg2 c4 21.Re3 Rc5
22.Qxe6 fxe6 23.c3 a3 24.bxa3 Ra8 25.Nd4 Rxa3 26.Nxe6 Rc8 27.Rd2 Bf6 28.Rc2 Rca8
29.Nc7 R8a5 30.Nd5 Rxa2 31.Ree2 Rxc2 32.Rxc2 Ra3 33.f4 Kf7 34.Kf2 Rb3 35.Ke2 h5
36.Kd2 h4 37.Ke2 h3 38.Kd2 Ke6 39.Ke2 Kd7 40.Kd2 Kc6 41.Ra2 Kc5 42.Nxf6 gxf6
43.Kc2 b4 44.Ra5+ Kc6 45.cxb4 Re3 46.Rh5 Rxe4 47.b5+ Kb6 48.Kc3 Re2 49.Kxc4 Rxh2
50.Kd5 Rd2+ 51.Ke6 h2 52.Kxf6 d5 53.f5 d4 54.Ke5 Kc5 55.f6  1/2-1/2